[Event "SVK-chT2B 0809"]
[Site "Slovakia"]
[Date "2009.03.01"]
[Round "11.8"]
[White "Randziak, Martin"]
[Black "Ollary, Peter"]
[Result "1-0"]
[WhiteElo "1350"]
[BlackElo "1892"]
[PlyCount "61"]
[EventDate "2008.10.11"]
[EventType "team-tourn"]
[EventRounds "11"]
[EventCountry "SVK"]
[SourceTitle "EXT 2010"]
[Source "ChessBase"]
[SourceDate "2010.11.25"]
[SourceVersion "1"]
[SourceVersionDate "2010.11.25"]
[SourceQuality "1"]
[WhiteTeam "Partizanske SK Neomax"]
[BlackTeam "Komarno KSC"]
[WhiteTeamCountry "SVK"]
[BlackTeamCountry "SVK"]

1. e4 g6 2. d4 Bg7 3. Nf3 d6 4. c4 h6 5. Nc3 Bg4 6. Be2 Bxf3 7. Bxf3 e5 8. Be3 Nd7 9. d5 Ngf6 10. Qd2 b6 11. 0-0 Qc8 12. b4 Nf8 13. Ne2 Ng4 14. Bxg4 Qxg4 15. f3 Qd7 16. a4 f5 17. a5 f4 18. Bf2 Qe7 19. axb6 cxb6 20. Bxb6 Qb7 21. Bf2 Bf6 22. c5 Be7 23. c6 Qb8 24. Ra6 Bd8 25. Rfa1 Rh7 26. Qb2 Qc8 27. b5 Rb8 28. Rxa7 Rxa7 29. Rxa7 Bb6 30. Bxb6 Rxb6 31. Qa3 1-0